Historia del levantamiento, guerra y revolución de España

محفوظ في:
التفاصيل البيبلوغرافية
المؤلفون الرئيسيون: Queypo de Llano, José María (مؤلف), Conde de Toreno (مؤلف)
التنسيق: كتاب
اللغة:الإسبانية
منشور في: Madrid Atlas 1953
سلاسل:Biblioteca de Autores Españoles
الموضوعات:
الوسوم: إضافة وسم
لا توجد وسوم, كن أول من يضع وسما على هذه التسجيلة!

MARC

LEADER 00000nam a2200000 a 4500
001 UCX5576
003 CL-VaPUC
008 921127e19530000SP |||||||||||||||||spa|d
082 0 4 |a 946.06  |b QUE  |2 21 
100 0 |a Queypo de Llano, José María  |e author  |9 321875 
700 0 |a Conde de Toreno  |e author  |9 321876 
245 1 0 |a Historia del levantamiento, guerra y revolución de España 
300 |a 534 p 
942 |c BK 
945 |d 19921127 00:00:00 
260 |a Madrid  |b Atlas  |c 1953 
650 7 |a HISTORIA SIGLO 19  |2 CL-VaPUC  |9 257187 
651 0 |a España  |9 254926 
583 |a last modification  |c 19921127 00:00:00  |k Rodrigo Vera 
490 0 |a Biblioteca de Autores Españoles 
999 |c 225791  |d 225789 
952 |0 0  |1 0  |4 0  |6 946_060000000000000_QUE_1953  |7 0  |8 A  |9 223612  |a FDOPOS  |b FDOPOS  |d 2019-11-15  |i 2924463  |o 946.06 QUE 1953  |p 2924463  |r 2025-01-22  |w 2019-11-15  |y BK  |k MLH